| 000 | 00618nam a2200205 a 4500 | ||
|---|---|---|---|
| 005 | 20140311163014.0 | ||
| 008 | 060905s19uu xx 00 eng d | ||
| 020 | _a0-240-51694-x | ||
| 050 |
_aQA 76.76 _b.Au934 2002 |
||
| 100 | _aAusterberry, David | ||
| 245 | _aThe technology of video and audio streaming/. | ||
| 260 |
_aOxford : _bFocal Press, _c2002. |
||
| 300 |
_a331 p. : _bill. ; _c23 cm. |
||
| 521 | _aIT | ||
| 650 | _aStreaming technology (Telecommunication). | ||
| 650 | _aDigital video. | ||
| 650 |
_aSound _xRecording and reproducing _xDigital techniques. |
||
| 942 |
_cBK _2lcc _kFOR |
||
| 999 |
_c39398 _d39398 |
||